Origines de la chasse, de la pêche et de l'agriculture. (Record no. 160257)
[ view plain ]
| 000 -LEADER | |
|---|---|
| campo de control de longitud fija | 01004nam a22002415i 4500 |
| 001 - NÚMERO DE CONTROL | |
| campo de control | 160257 |
| 003 - IDENTIFICADOR DE NÚMERO DE CONTROL | |
| campo de control | ES-MaACL |
| 005 - FECHA Y HORA DE LA ÚLTIMA TRANSACCIÓN | |
| campo de control | 20230906211959.0 |
| 008 - DATOS DE LONGITUD FIJA--INFORMACIÓN GENERAL | |
| campo de control de longitud fija | 010212s1890 fr a |||| | fre d |
| 040 ## - FUENTE DE CATALOGACIÓN | |
| Centro catalogador/agencia de origen | CCPB | B |
| Lengua de catalogación | spa |
| Centro/agencia transcriptor | CCPB | B |
| 100 1# - ENTRADA PRINCIPAL--NOMBRE DE PERSONA | |
| Nombre de persona | Mortillet, Gabriel de. |
| 9 (RLIN) | 130226 |
| 245 10 - MENCIÓN DEL TÍTULO | |
| Título | Origines de la chasse, de la pêche et de l'agriculture. |
| Número de parte o sección de la obra | 1, |
| Nombre de parte o sección de la obra | Chasse, pêche, domestication / |
| Mención de responsabilidad, etc. | par Gabriel de Mortillet ; avec 148 figures par A. de Mortillet. |
| 260 ## - PUBLICACIÓN, DISTRIBUCIÓN, ETC. | |
| Lugar de publicación, distribución, etc. | Paris : |
| Nombre del editor, distribuidor, etc. | Lecrosnier et Babé, libraires-éditeurs, |
| Fecha de publicación, distribución, etc. | 1890 ( |
| Fabricante | Imprimeries Réunies) |
| 300 ## - DESCRIPCIÓN FÍSICA | |
| Extensión | XIII, 516 p. : |
| Otras características físicas | il. ; |
| Dimensiones | 23 cm. |
| 490 1# - MENCIÓN DE SERIE | |
| Mención de serie | Bibliothèque Anthropologique ; |
| Designación de volumen o secuencia | 12 |
| 599 #1 - NOTA A LAS ILUSTRACIONES | |
| NOTA A LAS ILUSTRACIONES | Las il., escenas de caza, pesca y domesticación de animales. |
| 650 #4 - PUNTO DE ACCESO ADICIONAL DE MATERIA--TÉRMINO DE MATERIA | |
| Término de materia o nombre geográfico como elemento de entrada | Caza- |
| Subdivisión general | Historia. |
| 9 (RLIN) | 147594 |
| 650 #4 - PUNTO DE ACCESO ADICIONAL DE MATERIA--TÉRMINO DE MATERIA | |
| Término de materia o nombre geográfico como elemento de entrada | Pesca- |
| Subdivisión general | Historia. |
| 9 (RLIN) | 136690 |
| 700 1# - ENTRADA AGREGADA--NOMBRE PERSONAL | |
| Nombre de persona | Mortillet, A. de. |
| 9 (RLIN) | 130225 |
| 830 0# - PUNTO DE ACCESO ADICIONAL DE SERIE-TÍTULO UNIFORME | |
| Título uniforme | Bibliothèque Anthropologique ; |
| Designación de volumen o secuencia | 12 |
| 9 (RLIN) | 187951 |
| 852 ## - LOCALIZACIÓN | |
| Ubicación | ES-MaACL |
| Número de control de estantería | F-14323 |
| Nota libre | -- Enc. pasta española |
| Estatus retirado | Estado de pérdida | Estado de daño | No para préstamo | Colección | Biblioteca de origen | Biblioteca actual | Ubicación en estantería | Fecha de adquisición | Fuente de adquisición | Total de préstamos | Signatura topográfica completa | Código de barras | Visto por última vez | Precio de reemplazo | Tipo de ítem Koha |
|---|---|---|---|---|---|---|---|---|---|---|---|---|---|---|---|
| Libros del s. XIX | Biblioteca del Ateneo de Madrid | Biblioteca del Ateneo de Madrid | Sala Pecera Planta 2 | 17/01/2008 | F-14323 | 1167801 | 23/02/2023 | 23/02/2023 | Libro impreso antiguo |
